Quiz o Jowiszu - Statystyki

Ogólne statystyki
  • Ten quiz został rozwiązany 942 razy
  • Średni wynik to 8 z 16
Statystyki odpowiedzi
Zagadnienie Odpowiedź % Poprawnych
Termin oznaczający planetę taką jak Jowisz Gazowy {olbrzym}
96%
Jowisz składa się głównie z dwóch pierwiastków Wodór
85%
Jowisz składa się głównie z dwóch pierwiastków Hel
81%
Grecki odpowiednik rzymskiego boga Jowisza Zeus
76%
Uważa się, że ten księżyc Jowisza jest pokryty warstwą wody i lodu o grubości 100 km Europa
65%
Pierwsza osoba, która zobaczyła księżyce Jowisza w 1610 r. Galileusz Galilei
64%
„Pas”, który znajdziesz pomiędzy orbitami Marsa i Jowisza Pas asteroid
49%
Burza na powierzchni, która istnieje co najmniej od 1830 r. Wielka Czerwona Plama
46%
Największy księżyc Jowisza i największy w Układzie Słonecznym Ganimedes
45%
Na powierzchni księżyca Io można znaleźć ponad 400 _____ Wulkanów
44%
Substancja o wzorze chemicznym NH3 , która tworzy chmury lodowe w jednej warstwie atmosfery Jowisza Amoniak
43%
Forma przymiotnikowa Marsa to marsjański. Forma przymiotnikowa Wenus to wenusjański. Jaka jest forma przymiotnikowa Jowisza? Jowiszański
42%
Drugi co do wielkości księżyc Jowisza Kallisto
28%
Sonda nazwana na cześć żony Jowisza, która weszła na orbitę Jowisza w 2016 roku Junona
27%
Astronomowie z tego miasta jako pierwsi sporządzili pisemne obserwacje Jowisza, które nazwali na cześć swojego boga Marduka Babilon
25%
Shoemaker–Levy 9, który rozbił się w Jowiszu w 1994 r., był tego typu obiektem Kometa
23%
Nie znaleziono quizów pasujących do podanych kryteriów
Rozkład punktacji
Procent ludzi z każdym wynikiem
Percentyl według liczby udzielonych odpowiedzi
Twoja historia wyników
Nie rozwiązałeś tego quizu